Presupuesto base cero (Registro nro. 2484)

Detalles MARC
000 -LEADER
fixed length control field 00937 a2200193 4500
001 - CONTROL NUMBER
control field 34668
005 - DATE AND TIME OF LATEST TRANSACTION
control field 20260407155633.0
008 - FIXED-LENGTH DATA ELEMENTS--GENERAL INFORMATION
fixed length control field 260407a1981 arg spa d
003 - CONTROL NUMBER IDENTIFIER
control field AR-UNSa-BCEJYS
040 ## - CATALOGING SOURCE
Original cataloging agency AR-UNSa-BCEJYS
Language of cataloging spa
Transcribing agency AR-UNSa-BCEJYS
080 ## - UNIVERSAL DECIMAL CLASSIFICATION NUMBER
Universal Decimal Classification number 657.312
Common auxiliary subdivision Tipo de presupuestos
100 1# - MAIN ENTRY--PERSONAL NAME
Personal name Senderovich, Isaac Aizik
245 10 - TITLE STATEMENT
Title Presupuesto base cero
Name of part/section of a work métodos y bases de aplicación, con un estudio de las mas avanzada experiencia existente en el mundo
264 #1 - PRODUCTION, PUBLICATION, DISTRIBUTION, MANUFACTURE, AND COPYRIGHT NOTICE
Date of production, publication, distribution, manufacture, or copyright notice 1981
300 ## - PHYSICAL DESCRIPTION
Extent 133 p.
Dimensions 22 cm.
505 ## - FORMATTED CONTENTS NOTE
Formatted contents note 1. Objetivos - 2. Modelo básico - 3. Resultados y pautas generales de aplicación - 4. Encuesta internacional - 6. Identificación de las unidades de actividad - 6. Análisis de las unidades y elaboración de las propuestas - 7. Clasificación de las propuestas y asignación de recursos - 8. Control presupestario - 9. Guia de aplicación.
590 ## - LOCAL NOTE (RLIN)
Local note niveau_biblio:m niveau_hierar:0
942 ## - ADDED ENTRY ELEMENTS (KOHA)
Koha item type
Existencias
Withdrawn status Lost status Damaged status Not for loan Home library Current library Shelving location Date acquired Total checkouts Full call number Barcode Date last seen Price effective from Koha item type
        Biblioteca Prof. Eusebio Cleto del Rey Biblioteca Prof. Eusebio Cleto del Rey   07/04/2026   657.312 S475 L33410 07/04/2026 07/04/2026 Libro
        Biblioteca Prof. Eusebio Cleto del Rey Biblioteca Prof. Eusebio Cleto del Rey   07/04/2026   657.312 S475 L44293 07/04/2026 07/04/2026 Libro
        Biblioteca Prof. Eusebio Cleto del Rey Biblioteca Prof. Eusebio Cleto del Rey   07/04/2026   657.312 S475 L44294 07/04/2026 07/04/2026 Libro